000 01371nam0a2200313 i 4500
001 RU\NLR\BIBL_A\012057176
005 20260408200009.0
010 _a9785600024540
_92000
021 _aRU
_b2019-43788
_9КН-П-3202
035 _a(NLR Aleph) 012057176
090 _a11682985
_c11682985
100 _a20190711d2019 u y0rusy50 ca
101 0 _arus
102 _aRU
105 _a c||z|||000zy
200 1 _aВеликая русская буржуазная революция глазами очевидца
_fА. Бриль
210 _aЕкатеринбург
_cБриль Андрей Борисович
_d2019
215 _a267 с.
_cил., портр., цв. ил., портр.
_d25
300 _aНа обороте тит. л. авт.: Бриль А.Б., предприниматель
300 _aНа обл. авт. не указан
320 _aБиблиогр. в подстроч. примеч.
607 _aРоссийская Федерация
_xПолитика и управление
_z1991 - 1993
_92309103
_3RU\NLR\AUTH\6601607876
607 _aСССР
_xПолитика и управление
_z1989 - 1991
_3RU\NLR\AUTH\661416793
_92373908
686 1 _aТ3(2)74-3
700 1 _aБриль
_bА.Б.
_gАндрей Борисович
942 _cBOOK
980 _aNBR